Statistics for Provinces of Zimbabwe on a Map

Click here to take the quiz!

General Stats

  • This quiz has been taken 456 times
  • The average score is 6 of 10

Answers on the Map

Answers color-coded by a green-red scale on the quiz's map according to % correct below.
 

Answer Stats

Province% Correct
Harare
94%
Bulawayo
72%
Mashonaland East
59%
Mashonaland West
57%
Matabeleland North
57%
Midlands
57%
Manicaland
56%
Matabeleland South
56%
Masvingo
53%
Mashonaland Central
52%

Score Distribution

Percentile by Number Answered

Percent of People with Each Score

Your Score History

You have not taken this quiz